Sovetskie partizany i osvoboždenie Italii (Titelsatznr. 62255)
[ MARC ]
| 000 -Satzkennung | |
|---|---|
| Kontrollfeld mit fester Länge | 00937nam a22002653u 4500 |
| 001 - Kontrollnummer | |
| Kontrollfeld | DHIM2023042012570041 |
| 003 - Kontrollnummer Identifier | |
| Kontrollfeld | RU-10907106 |
| 005 - Datum und Zeit der letzten Transaktion | |
| Kontrollfeld | 20230831113503.0 |
| 007 - Feld mit fester Länge zur physischen Beschreibung - Allgemeine Information | |
| Kontrollfeld mit fester Länge | tu |
| 008 - Feld mit fester Länge zur physischen Beschreibung - Allgemeine Angaben | |
| Kontrollfeld mit fester Länge | 230420b |||||||| |||| 00| 0 rus d |
| 020 ## - Internationale Standardbuchnummer | |
| Verknüpfung | 978-5-00165-628-9 |
| Internationale Standardbuchnummer | 9785001656289 |
| 040 ## - Katalogisierungsquelle | |
| Original-Katalogisierungsstelle | RU-10907106 |
| Katalogisierungssprache | ger |
| Übertragungsstelle | RU-10907106 |
| 100 ## - Haupteintragung - Personenname | |
| Funktionsbezeichnungscode | aut |
| Personenname | Rossi, Marina |
| Funktionsbezeichnung | Verfasser |
| Koha-Normdatenidentnummer | 22844 |
| 240 12 - Einheitstitel | |
| Einheitstitel | I partigiani sovietice e la liberazione dell'italia |
| 245 1# - Titel | |
| Titel | Sovetskie partizany i osvoboždenie Italii |
| Verfasserangabe etc. | Marina Rossi ; perevod s ital'janskogo, kommentarii M. G. Talalaja |
| 264 #1 - Produktion, Veröffentlichung, Distribution, Herstellung und Urheberrechtsvermerk | |
| Herstellungs-, Veröffentlichungs- Vertriebs-, Erzeugungsort | Sankt-Peterburg : |
| Produzent, Herausgeber, Distributor, Hersteller | Aletejja, |
| Datum der Herstellung, der Veröffentlichung, des Vertriebs oder des Urheberschutzvermerks | 2023 |
| 300 ## - Physische Beschreibung | |
| Umfang | 216 Seiten : |
| Andere physische Details | Illustrationen |
| 336 ## - Inhaltstyp | |
| Quelle | rdacontent |
| Inhaltstypterm | Text |
| Inhaltstypcode | txt |
| 337 ## - Medientyp | |
| Quelle | rdamedia |
| Bezeichnung des Medientyps | Ohne Hilfsmittel zu benutzen |
| Medientypcode | n |
| 338 ## - Datenträgertyp | |
| Quelle | rdacarrier |
| Datenträgertypbezeichnung | Band |
| Datenträgertypcode | nc |
| 650 ## - Nebeneintragung unter einem Schlagwort - Sachschlagwort | |
| Sachschlagwort oder geografischer Name als Eintragungselement | Partisan |
| Koha-Normdatenidentnummer | 1712 |
| 651 ## - Nebeneintragung unter einem Schlagwort - Geografischer Name | |
| Geografischer Name | Italien |
| 700 ## - Nebeneintragung - Personenname | |
| Funktionsbezeichnungscode | trl |
| Personenname | Talalaj, Michail Grigorʹevič |
| Koha-Normdatenidentnummer | 22858 |
| Funktionsbezeichnung | ÜbersetzerIn |
| 942 ## - Zusätzliche Felder (Koha) | |
| Klassifikation oder Aufstellungssystematik | Andere/Generische Klassifikation |
| Koha-Medientyp | Monographien |
| Ausgeschieden | Verloren | Klassifikation oder Aufstellungssystematik | Beschädigt | Nicht entleihbar | Heimatbibliothek | Aufenthaltsbibliothek | Aufstellungsort | Erwerbungsdatum | Inventarnummer | Signatur | Barcode | Letzte Aktivität | Preis gültig von | Koha-Medientyp |
|---|---|---|---|---|---|---|---|---|---|---|---|---|---|---|
| Andere/Generische Klassifikation | MWN Osteuropa | MWN Osteuropa | Lesesaal - 1 | 20/04/2023 | 23-00536 | W 63 D rk Ros | E004010808012089 | 20/04/2023 | 20/04/2023 | Monographien |